Alaska by Picture - Statistics

General Stats
  • This quiz has been taken 31 times
  • The average score is 14 of 18
Answer Stats
Picture Hint Answer % Correct
city Anchorage
100%
former occupying country Russian Empire
100%
extinct species Woolly mammoth
100%
strait to the west Bering Strait
96%
highest point in North America Denali
96%
island chain Aleutian
93%
natural phenomenon Aurora Borealis
89%
city Fairbanks
89%
former governor Sarah Palin
85%
northernmost city Utqiagvik
78%
river Yukon
78%
constellation on the Alaskan flag Big Dipper
74%
1989 oil tanker spill Exxon {Valdez}
74%
archipelago Kodiak
63%
line of latitude Arctic Circle
59%
book about Chris McCandless Into the Wild
48%
Discovery Channel show Deadliest Catch
37%
state tree {Sitka} spruce
26%
No matching quizzes found
Score Distribution
Percent of People with Each Score
Percentile by Number Answered
Your Score History
You have not taken this quiz